Normal view
MARC view
Entry Personal Name
001 - CONTROL NUMBER
- control field: 14074
003 - CONTROL NUMBER IDENTIFIER
- control field: BD-RjUL
005 - DATE AND TIME OF LATEST TRANSACTION
- control field: 20241103155454.0
008 - FIXED-LENGTH DATA ELEMENTS
- fixed length control field: 241103|| aca||aabn | a|a d
040 ## - CATALOGING SOURCE
- Original cataloging agency: BD-RjUL
- Transcribing agency: BD-RjUL
100 ## - HEADING--PERSONAL NAME
- Personal name: Ahmed, Chaudhary Habib, احمد، چودھرى حبىب،,
- Dates associated with a name: 1934-
670 ## - SOURCE DATA FOUND
- Source citation: Work cat.: (BD-RjUL)84223: Ahmed, Chaudhary Habib, احمد، چودھرى حبىب،, 1934-, تحرىک پاکستان ارو نىشنلسٹ علماء / Taḥrīk-i Pākistān aur naishnalisṭ ʻulamāʻ /, [1966]